00518nam a2200169Ia 4500003000900000008004100009020001800050040001600068080001300084100002100097245010700118260003700225300001400262650004100276650001900317650001200336IN-BaIIA211028s9999 xx 000 0 eng d a0-201-50821-4 cIIA Library a533bPAR aParks, George K. 0aPhysics of space plasmasban introductioncGeorge K. Parks  aCaliforniabAddison-Wesleyc1991 aix, 538p. aAstronomy and astrophysics thesaurus aPlasma physics aPlasmas